WWE Inferno Match Competitors - Statistics

General Stats
  • This quiz has been taken 632 times
    262 since last reset
  • The average score is 11 of 12
Answer Stats
Event Date Wrestler % Correct
WWF Unforgiven April 26, 1998 Kane
100%
WWF Raw February 22, 1999 Kane
100%
WWF SmackDown September 23, 1999 Kane
100%
WWE Armageddon December 17, 2006 Kane
100%
WWE SummerSlam August 18, 2013 Kane
100%
WWF Unforgiven April 26, 1998 The Undertaker
98%
WWF Raw February 22, 1999 The Undertaker
98%
WWE SummerSlam August 18, 2013 Bray Wyatt
86%
WWE TLC December 20, 2020 Bray Wyatt
86%
WWE TLC December 20, 2020 Randy Orton
78%
WWF SmackDown September 23, 1999 Triple H
59%
WWE Armageddon December 17, 2006 MVP
53%
No matching quizzes found
Score Distribution
Percent of People with Each Score
Percentile by Number Answered
Your Score History
You have not taken this quiz since the last reset